| 000 | 00560nam a2200193Ia 4500 | ||
|---|---|---|---|
| 999 |
_c7108 _d7108 |
||
| 008 | 200103s 1975 ||||xx |||||||||||||| ||und|| | ||
| 020 | _a0273008803 | ||
| 082 |
_a620.106 _bDOU |
||
| 100 | _aDouglas, John F. | ||
| 245 | 0 | _aSolution of problems in fluid mechanics: a problem-based textbook, Part. 2 | |
| 250 | _aAll-metric edition | ||
| 260 |
_bPitman Publishing _c1975 _aLondon |
||
| 300 | _aix, 253 p.: ill. | ||
| 504 | _aIncludes index | ||
| 650 | _aHydraulic engineering | ||
| 650 | _aHydraulics | ||
| 650 | _aFluid mechanics | ||
| 942 | _cBK | ||